000 00315nam a2200133Ia 4500
008 151001s9999||||xx |||||||||||||| ||und||
100 _aसंजय बा नाईक
245 _aरंगढंग
250 _a1
260 _bमेघना
260 _c2007
300 _a199
365 _b18
999 _c988936
_d988933